Villes de l'Ontario - Carte Quiz - Statistiques

Statistiques générales
  • Ce quiz a été pris 45 fois
  • Le résultat moyen est 7 sur 13
Réponses sur la Carte
Les réponses sont colorées sur une échelle allant du rouge au vert en fonction du pourcentage des utilisateurs qui les ont devinées à leur premier essai. Vous pouvez retrouver ces pourcentages ci-dessous.
 
Statistiques - réponses
Réponse % Correct
Ottawa
80%
Toronto
80%
Niagara Falls
66%
Sault Ste. Marie
63%
Thunder Bay
60%
Windsor
54%
Kingston
49%
Hamilton
43%
London
43%
Sudbury
43%
Timmins
43%
Barrie
34%
Kitchener
26%
Aucun quiz correspondant
Distribution des résultats
% des personnes avec chaque résultat
Percentile par nombre de réponses
Votre historique - résultats
Vous n’avez pas pris ce quiz